000
00350nam a2200157 4500
001
45870
090
_a
45870
100
_a
20260318 pory50
101
_a
por
102
_a
PT
200
_a
Edição Censurada
_d
Visão
_f
Visão
210
_a
Lisboa
_c
Medipress
_d
2009
215
_a
114 p.
675
_a
94(469)(05)
801
_a
PT
_g
RPC
990
_c
PERIODICOS